000 00367 a2200133 4500
005 20250507141651.0
020 _a0 435 82676 X
082 _a658. 312 OPP
100 _aOPPENHEIM, A. N.
245 _aQuestionnaire Design and Attitude Measurement
260 _aLondon,
_bHeinemann,
_c1982.
300 _aix, 298p.: ill.; figure, table.
_bIndex.
_c21cm.
942 _2ddc
_cBKS
999 _c2134
_d2134